000 00399nam a2200169Ia 4500
008 151213s9999 xx 000 0 und d
020 _a40870519
100 _aZ.J.Grosicki
245 _aTextile Design & Color
_cZ.J.Grosicki
250 _a7th
260 _aCanada
_bButterWprth
_c1975
300 _a7496 p.
650 _aTextiles
650 _aTextiles
700 _aZ.J.Grosicki
999 _c3980
_d3980